000 00970nam a2200205Ii 4500
003 JO-AjNU
008 230605s9999||||xx |||||||||||||| ||und||
040 _aJO-AjNU
_bara
_erda
_cJO-AjNU
041 _aara
050 1 4 _aQA76.15.K54.2001
100 3 _aتأليف الكيلاني، تيسير ؛ مؤلف مشارك مازن الكيلاني,
_eauthor
_930016
245 0 0 _aمعجم الكيلاني لمصطلحات الحاسب الالكتروني: أنجليزي - أنجليزي - عربي = Al-Kilani dictionary of computer terminology : English-English-Arabic
250 _aطبعة ثانية منقحة ومزيدة
264 3 1 _aبيروت،لبنان: مكتبة لبنان، 2001
300 _a685ص
336 _atext
_btxt
_2rdacontent
337 _aunmediated
_bn
_2rdamedia
338 _avolume
_bnc
_2rdacarrier
650 4 _aالحاسبات الإلكترونية -- مصطلحات -- الحاسبات الإلكترونية -- معاجم
_930017
999 _aA11847
_c15415
_d15415